Nhập môn quản trị học = Introduction to management /

Guardat en:
Dades bibliogràfiques
Autor principal: Đặng Văn Minh
Altres autors: Bùi Văn Bảy
Format: Sách giấy
Idioma:Vietnamese
English
Publicat: TP.HCM : TP.HCM , 1997
Etiquetes: Afegir etiqueta
Sense etiquetes, Sigues el primer a etiquetar aquest registre!
Thư viện lưu trữ: Thư viện Trường Đại học Đà Lạt
LEADER 00655nam a2200265 4500
001 DLU020015434
005 ##8/17/2000
020 # # |a 978- 
041 # # |a vie  |a eng 
082 # # |a 650  |b DA-M 
090 # # |a 650  |b DA-M 
100 # # |a Đặng Văn Minh 
245 # # |a Nhập môn quản trị học =  |b Introduction to management /  |c Đặng Văn Minh, Bùi Văn Bảy 
260 # # |a TP.HCM :  |b TP.HCM ,  |c 1997 
300 # # |a 162 tr.;   |c 20 cm. 
700 # # |a Bùi Văn Bảy 
992 # # |a 15000 
994 # # |a DLU 
900 # # |a False 
911 # # |a Administrator 
925 # # |a G 
926 # # |a A 
927 # # |a SH 
980 # # |a Thư viện Trường Đại học Đà Lạt